000 00487nam a2200145Ia 4500
008 230907s9999||||xx |||||||||||||| ||und||
082 _a621.3
_bUSA
100 _aUsama Ameer Khan (00000205703)
_9116483
245 0 _aNUST Micro Grid Planning with New DER Resources and Reliable Infrastructure Modernization /
260 _aUSPCAS-E, NUST,
_bIslamabad :
_c2019
520 _aTH-184
650 _aMS-EEP Thesis MS Thesis
700 _aDr Syed Ali Abbas Kazmi
_9117439
942 _cTHE
_2ddc
999 _c601863
_d601863